000 00327nam a22001337a 4500
020 _aNA
082 _222
_a338.5
100 _aPindyek Roberts and Rubin feld dan lel.L.
245 _aMicro economics /
250 _a10th
260 _aPrendice hall,
_bPrendice hall,
_cc2000.
300 _a645 p, ;
_bNA
_c24cm.
942 _2ddc
_cMAG
999 _c2911
_d2911